Biggest Cities in Asia - Sudden Death - Statistics

General Stats
  • This quiz has been taken 30 times
  • The average score is 4 of 15
Answers on the Grid
Answers color-coded by a green-red scale on the quiz's grid according to % correct below.
Baghdad
Bangkok
Beijing
Bengaluru
Changsha
Chennai
Chongqing
Delhi
Dhaka
Dongguan
Guangzhou
Ho Chi Minh
Istanbul
Jakarta
Karachi
Lahore
Manila
Mumbai
Nanjing
Seoul
Shanghai
Shenyang
Shenzhen
Suzhou
Hanoi
Hong Kong
Tehran
Tianjin
Tokyo
Wuhan
 
Answer Stats
Answer % Correct
Beijing
57%
Delhi
48%
Bangkok
43%
Guangzhou
38%
Dhaka
33%
Manila
33%
Shanghai
33%
Tokyo
33%
Jakarta
29%
Mumbai
24%
Istanbul
19%
Lahore
19%
Karachi
10%
Shenzhen
10%
Suzhou
5%
No matching quizzes found
Score Distribution
Percent of People with Each Score
Percentile by Number Answered
Your Score History
You have not taken this quiz